Mechanizmy finansirovanija zdravoochranenija v stranach OESR

Mechanizmy financovania zdravotníctva v krajinách OECD. Formy financovania zdravotníctva a ich porovnanie v krajinách OECD. Zdravotné poistenie. Doplatky na lieky. Výdavky na zdravotnícke služby na jedného obyvateľa v r. 2011.

Gespeichert in:
Bibliographische Detailangaben
1. Verfasser: Dubrovina, Nadiya, 1972-
Weitere Verfasser: Nestorenko, T. P., Beneva, Je, Bojko, V. V., Zamjatin, P. N.
Format: Buchkapitel
Sprache:Russisch
Schlagworte:
Tags: Tag hinzufügen
Keine Tags, Fügen Sie das erste Tag hinzu!

MARC

LEADER 00000naa$a2200000$$$4500
001 0207911
005 20240502083520.1
041 0 |a rus 
044 |a UA 
245 1 0 |a Mechanizmy finansirovanija zdravoochranenija v stranach OESR  |c N. Dubrovina, T. P. Nestorenko, Je. Beneva, V. V. Bojko, P. N. Zamjatin 
520 |a Mechanizmy financovania zdravotníctva v krajinách OECD. Formy financovania zdravotníctva a ich porovnanie v krajinách OECD. Zdravotné poistenie. Doplatky na lieky. Výdavky na zdravotnícke služby na jedného obyvateľa v r. 2011. 
610 2 0 |a financie 
610 2 0 |a financovanie 
610 2 0 |a zdravotníctvo 
610 2 0 |a poistenie zdravotné 
610 2 0 |a liečivá 
610 2 0 |a OECD 
100 1 |a Dubrovina, Nadiya, 1972- 
700 1 |a Nestorenko, T. P. 
700 1 |a Beneva, Je. 
700 1 |a Bojko, V. V. 
700 1 |a Zamjatin, P. N.